El Marqués de Castell-Florite llevó la bandera principal en la Procesión de San Miguel de los Santos, en Vich
Colección:
San Jorge,
; núm. 8 (octubre 1952), pàg 47
Materias:
Buxó de Abaigar, Joaquín, -- marqués de Castell-Florite, -- 1905-1979
; Setmana Santa -- Vic (Catalunya)
; Processons -- Vic (Catalunya)
Idioma:
Español
MARC
| LEADER | 00000naa a2200000 a 4500 | ||
|---|---|---|---|
| 003 | Arxiu | ||
| 005 | 20260324181039.0 | ||
| 008 | 160829s1952 spc xx spa c | ||
| 040 | |a agdb | ||
| 245 | 0 | 3 | |a El Marqués de Castell-Florite llevó la bandera principal en la Procesión de San Miguel de los Santos, en Vich |
| 490 | |a San Jorge, |v núm. 8 (octubre 1952), pàg 47 | ||
| 600 | 1 | 0 | |a Buxó de Abaigar, Joaquín, |c marqués de Castell-Florite, |d 1905-1979 |9 54201 |
| 650 | 0 | |a Setmana Santa |9 31150 |z Vic (Catalunya) | |
| 650 | 0 | |a Processons |9 54724 |z Vic (Catalunya) | |
| 773 | |g Núm. 8 (octubre 1952), pàg 47 |t San Jorge. | ||
| 901 | |a Arxiu | ||
| 942 | |n 1 |2 udc |c ART | ||
| 952 | |0 0 |1 0 |4 0 |7 1 |9 64307 |a Arxiu |b Arxiu |d 2022-11-23 |o Rev-508 |r 2022-11-23 00:00:00 |w 2022-11-23 |y ARXIU |z També disponible a Rev-521 | ||
| 999 | |c 48843 |d 48843 | ||